CDMA 2000 1X Release 0 (Student Guide) (Record no. 8370)
[ view plain ]
| 000 -LEADER | |
|---|---|
| fixed length control field | 00360 a2200133 4500 |
| 082 ## - DEWEY DECIMAL CLASSIFICATION NUMBER | |
| Classification number | 621.3845 |
| 090 ## - LOCALLY ASSIGNED LC-TYPE CALL NUMBER (OCLC); LOCAL CALL NUMBER (RLIN) | |
| -- | 4481 |
| -- | 4481 |
| 100 ## - MAIN ENTRY--PERSONAL NAME | |
| Personal name | Qualcomm |
| 245 ## - TITLE STATEMENT | |
| Title | CDMA 2000 1X Release 0 (Student Guide) |
| Statement of responsibility, etc. | Qualcomm |
| 260 ## - PUBLICATION, DISTRIBUTION, ETC. | |
| Place of publication, distribution, etc. | USA : |
| Name of publisher, distributor, etc. | Qualcomm Incorporated, |
| Date of publication, distribution, etc. | 2004 |
| 300 ## - PHYSICAL DESCRIPTION | |
| Extent | xviii, p (various pages). : |
| Other physical details | ill. ; |
| Dimensions | 26cm |
| 650 ## - SUBJECT ADDED ENTRY--TOPICAL TERM | |
| Topical term or geographic name entry element | CDMA |
| 942 ## - ADDED ENTRY ELEMENTS (KOHA) | |
| Koha item type | Book |
| Call number prefix | 621.3845 QUA |
| Withdrawn status | Lost status | Damaged status | Not for loan | Collection code | Permanent Location | Current Location | Shelving location | Date acquired | Source of acquisition | Cost, normal purchase price | Total Checkouts | Full call number | Barcode | Date last seen | Price effective from | Koha item type |
|---|---|---|---|---|---|---|---|---|---|---|---|---|---|---|---|---|
| Central Library (CL) | Central Library (CL) | General Stacks | 06/20/2005 | Donation | 0.00 | 621.3845 QUA | SEECS005980 | 11/14/2012 | 01/05/2017 | Book | ||||||
| Central Library (CL) | Central Library (CL) | General Stacks | 06/20/2005 | Donation | 0.00 | 621.3845 QUA | SEECS005979 | 11/14/2012 | 01/05/2017 | Book |
